| 000 | 00602nam a2200229 a 4500 | ||
|---|---|---|---|
| 001 | nice12345678 | ||
| 003 | IN_TiNIC | ||
| 005 | 20260116014240.0 | ||
| 008 | 070828s1999 cama grp 000 0 eng | ||
| 020 |
_a _c200 |
||
| 082 | 0 | 0 |
_a320.0954 _bHAR |
| 100 | _aHarrison, Seling S | ||
| 245 |
_aIndia and Pakistan _b The First Fifty Years |
||
| 260 |
_aCambridge _bCambridge University Press _c1999 |
||
| 300 | _a216p | ||
| 500 | _aincludes index and biblioraphy | ||
| 650 | _aIndia-Politics and Government | ||
| 700 | 1 | _aHarrison, Seling S | |
| 902 | _bSRS | ||
| 942 | _cBK | ||
| 999 |
_c14509 _d14509 |
||